|
|
|
|
| LEADER |
00000nam0a2200000 4500 |
| 001 |
82578 |
| 005 |
20231031095754.0 |
| 010 |
|
|
|a 5818308987
|b (в пер.)
|b 2600 экз.
|
| 021 |
|
|
|a RU
|b 05-32537
|9 05-1628
|
| 035 |
|
|
|a (RuTPU)RU\TPU\book\88738
|
| 090 |
|
|
|a 82578
|
| 100 |
|
|
|a 20051004d2005 m y0rusy5002 ca
|
| 101 |
0 |
|
|a rus
|
| 102 |
|
|
|a RU
|
| 105 |
|
|
|a y j 001zy
|
| 200 |
1 |
|
|a Организация информационного производства
|e учебное пособие для вузов
|f Ю. Н. Дрешер
|
| 210 |
|
|
|a Москва
|c ГРАНД
|c Фаир пресс
|d 2005
|
| 215 |
|
|
|a 245, [2] с.
|d 22 см.
|
| 225 |
1 |
|
|a Специальный издательский проект для библиотек
|
| 320 |
|
|
|a Библиогр.: с. 226-232
|
| 330 |
|
|
|a В данной книге представлены методические материалы по учебному курсу «Организация информационного производства», рассматриваются основные положения, принципы и методы организации информационного производства, исходные понятия, раскрывающие его суть (предмет, процесс, продукт, услуга, ресурсы, средства). Большое внимание уделено методике подготовки и переподготовки информационных и библиотечных работников. Заключительный раздел пособия знакомит студентов с некоторыми положениями информационного права, проблемами правового регулирования отношений в сфере информационной собственности. Учебное пособие адресовано студентам высших учебных заведений, слушателям курсов повышения квалификации, библиотекарям-практикам.
|
| 610 |
1 |
|
|a научно-информационная деятельность
|
| 610 |
1 |
|
|a информатика
|
| 610 |
1 |
|
|a информационное производство
|
| 610 |
1 |
|
|a экономика
|
| 610 |
1 |
|
|a организация производства
|
| 610 |
1 |
|
|a технологии
|
| 610 |
1 |
|
|a эффективность
|
| 610 |
1 |
|
|a управление
|
| 610 |
1 |
|
|a кадры
|
| 610 |
1 |
|
|a подготовка
|
| 610 |
1 |
|
|a переподготовка
|
| 610 |
1 |
|
|a информационное право
|
| 686 |
|
|
|a У9(2)39я73
|v LBC/SL-A
|2 rubbk
|
| 700 |
|
1 |
|a Дрешер
|b Ю.Н.
|g Юлия Николаевна
|4 070
|
| 801 |
|
0 |
|a RU
|b RKP
|c 20050624
|g PSBO
|
| 801 |
|
1 |
|a RU
|b 63413507
|c 20051004
|g PSBO
|
| 801 |
|
2 |
|a RU
|b 63413507
|c 20140925
|g PSBO
|
| 942 |
|
|
|c BK
|